Statistics for Players who has played most with Cristiano Ronaldo

Click here to take the quiz!

General Stats

  • This quiz has been taken 130 times
  • The average score is 6 of 10

Answer Stats

GamesName% Correct
342Karim Benzema
95%
222Luka Modric
90%
339Sergio Ramos
90%
332Marcelo
84%
342Pepe
77%
228Iker Casillas
75%
231Raphael Varane
53%
221Rio Ferdinand
38%
208Xabi Alonso
27%
215John O'Shea
5%

Score Distribution

Percentile by Number Answered

Percent of People with Each Score

Your Score History

You have not taken this quiz